| 000 | 00632nam a2200193Ia 4500 | ||
|---|---|---|---|
| 005 | 20260114185629.0 | ||
| 008 | 008 260114s9999 xx 000 0 eng d | ||
| 020 | _a9781474219273 | ||
| 037 | _aEBOOK | ||
| 040 |
_aCRL _beng _cCRL |
||
| 041 |
_aeng _2eng |
||
| 084 | _qCRL | ||
| 100 |
_aMatteo Albanese and Pablo del Hierro _9872435 |
||
| 245 | 0 | _aTransnational Fascism in the Twentieth Century Spain, Italy and the Global Neo-Fascist Network | |
| 260 |
_bBloomsbury _c2016 |
||
| 856 | _uhttps://doi.org/10.5040/9781474219273?locatt=label:secondary_bloomsburyCollections | ||
| 942 | _cEBOOK | ||
| 999 |
_c1471383 _d1471383 |
||